| 000 | 00609nam a2200169 i 4500 | ||
|---|---|---|---|
| 001 | 146418 | ||
| 003 | ES-MaACL | ||
| 005 | 20230906201527.0 | ||
| 007 | t| | ||
| 008 | 070910s1953 sp ||||1| spa d | ||
| 245 | 0 | 0 | _aTratado de amistad entre el Estado Español y la República de Liberia. Monrovia, 2 de abril de 1953. |
| 260 |
_aMadrid : _b[s.n.], _c1953 ( _fImp. Ministerio de Asuntos Exteriores) |
||
| 300 |
_a4 p. ; _c23 cm. |
||
| 500 | _aPrecede al tít.: Ministerio de Asuntos Exteriores. | ||
| 710 | 0 | 0 |
_aEspaña. _bMinisterio de Asuntos Exteriores. _93845 |
| 852 |
_aES-MaACL _j1959-F-16 _bR.35850 |
||
| 999 |
_c146418 _d146418 |
||